| 000 | 00903cam a22001935a 4500 | ||
|---|---|---|---|
| 001 | L149842 | ||
| 008 | 100504e2010 xxk 000 0 eng d | ||
| 035 | _a(Sirsi) u149842 | ||
| 041 | 0 | _aeng | |
| 110 | 2 |
_aProperty Week _91549 |
|
| 245 | 0 | 0 | _aPrice rises slow as investors prepare for election |
| 260 | _c2010 | ||
| 490 | 0 |
_aProperty Week _v76 (14) 09 April 2010, 30(1) |
|
| 520 | _aYields on prime property edged down in March 2010 but only by five basis points according to the latest Cushman and Wakefield data, averaging at 5.85%, 180 basis points higher than 10-year gilt yields. Central London offices and retail markets, big shopping centres and industrial are the hot subsectors. Table covers prime market yields by sector and subsector. | ||
| 590 | _aKA | ||
| 651 | 4 |
_aUnited Kingdom _y |
|
| 690 | _aPROPERTY-COMMERCIAL PROPERTY-COMMERCIAL PROPERTY FINANCE AND INVESTMENT | ||
| 942 | _n0 | ||
| 999 |
_c82295 _d82295 |
||